Marx and the robots: Networked production AI and human labour. Translated by Jan-Peter Herrmann with Nivene Raafat (Record no. 1224776)

MARC details
000 -LEADER
fixed length control field 00706nam a2200217Ia 4500
005 - DATE AND TIME OF LATEST TRANSACTION
control field 20241129104200.0
008 - FIXED-LENGTH DATA ELEMENTS--GENERAL INFORMATION
fixed length control field 241129s9999||||xx |||||||||||||| ||und||
020 ## - INTERNATIONAL STANDARD BOOK NUMBER
International Standard Book Number 9780745344379
037 ## - SOURCE OF ACQUISITION
Stock number Textual
040 ## - CATALOGING SOURCE
Original cataloging agency RTL
Language of cataloging eng
Transcribing agency RTL
041 ## - LANGUAGE CODE
Language code of text/sound track or separate title eng
Source of code eng
084 ## - COLON CLASSIFICATION NUMBER
Classification number X:3M24xM18 Q8
Assigning agency RTL
100 ## - MAIN ENTRY--PERSONAL NAME
Personal name Butollo Florian; Nuss Sabine
9 (RLIN) 725137
245 #0 - TITLE STATEMENT
Title Marx and the robots: Networked production AI and human labour. Translated by Jan-Peter Herrmann with Nivene Raafat
Statement of responsibility, etc. Butollo Florian; Nuss Sabine
260 ## - PUBLICATION, DISTRIBUTION, ETC.
Place of publication, distribution, etc. London
Name of publisher, distributor, etc. Pluto Press
Date of publication, distribution, etc. 2019
300 ## - PHYSICAL DESCRIPTION
Extent vi,324p.
365 ## - TRADE PRICE
Price type code INR
Price amount 2018.99
650 ## - SUBJECT ADDED ENTRY--TOPICAL TERM
Topical term or geographic name entry element Sociology
942 ## - ADDED ENTRY ELEMENTS (KOHA)
Koha item type Textbook
Classification part X:3M24xM18 Q8
Holdings
Withdrawn status Lost status Damaged status Not for loan Home library Current library Date acquired Source of acquisition Cost, normal purchase price Inventory number Total Checkouts Full call number Barcode Date last seen Price effective from Koha item type
        Ratan Tata Library Ratan Tata Library 2024-11-29 Segment Book Distributor 2018.99 65585 & 20/02/2023   X:3M24xM18 Q8 RT1502712 2024-11-29 2024-11-29 Textbook
Copyright @ Delhi University Library System